LEADER 02136oas 2200709 c 450 001 9910449357003321 005 20260218111409.0 011 $a2683-1481 024 7 $a10.32870/dfe 035 $a(OCoLC)1253407999 035 $a(CONSER) 2021239344 035 $a(CKB)4100000011882363 035 $a(DE-599)ZDB3063728-4 035 $a(DE-599)3063728-4 035 $a(EXLCZ)994100000011882363 100 $a20210511a20149999 uy 101 0 $aspa 135 $aurcn||||||||| 181 $ctxt$2rdacontent 182 $cc$2rdamedia 183 $acr$2rdacarrier 200 00$aDiagno?stico fa?cil empresarial, finanzas, auditori?a, contabilidad, impuestos, legal 210 1$aZapopan, Jalisco, Me?xico$cUniversidad de Guadalajara, Divisio?n de Contaduri?a, Centro Universitario de Ciencias, Econo?mico Adminstrativas$d2014- 215 $a1 online resource 311 08$a2007-2147 531 1 $aDiagn. facil empresarial finanzas audit. contab. impuestos leg. 606 $aFinance$vPeriodicals 606 $aAuditing$vPeriodicals 606 $aAccounting$vPeriodicals 606 $aTaxation$vPeriodicals 606 $aFinanzas$2abne 606 $aAuditori?a$2abne 606 $aContabilidad$2abne 606 $aImpuestos$2abne 606 $aFinance$2fast$3(OCoLC)fst00924349 606 $aAuditing$2fast$3(OCoLC)fst00821166 606 $aAccounting$2fast$3(OCoLC)fst00795379 606 $aTaxation$2fast$3(OCoLC)fst01143876 608 $aRevistas$2abne 608 $aPeriodicals$2fast 615 0$aFinance 615 0$aAuditing 615 0$aAccounting 615 0$aTaxation 615 7$aFinanzas 615 7$aAuditori?a 615 7$aContabilidad 615 7$aImpuestos 615 7$aFinance 615 7$aAuditing 615 7$aAccounting 615 7$aTaxation 801 0$bVT2 801 1$bVT2 801 2$bOCLCF 801 2$bCUV 801 2$bOCLCO 801 2$bOCLCQ 906 $aJOURNAL 912 $a9910449357003321 996 $aDiagnóstico fácil empresarial, finanzas, auditoría, contabilidad, impuestos, legal$92579678 997 $aUNINA